000 00369nam a22001337a 4500
082 _a624.183412
_bEVA
_cL-19, P-16
100 _aEvans, R.H
_943110
245 _aPre-stressed concrete
_cEvans, R.H
260 _aLondon
_bChapman & Hall
_c1962
300 _axv, 294 p.
_bill.
_c27 cm.
526 _a0
_b0
_c0
_d624_183412000000000_EVA
650 _aMCE
_9379
942 _2ddc
_cBK
999 _c547140
_d547140